logo

Bir Sreshtho Munshi Abdur Rouf Library
Jhenaidah Cadet College

Good economics for hard times / (Record no. 12073)

MARC details
000 -LEADER
fixed length control field 00677nam a22002537a 4500
001 - CONTROL NUMBER
JCCL Control Number 12073
003 - CONTROL NUMBER IDENTIFIER
JCCL marc code BD-JhCC
005 - DATE AND TIME OF LATEST TRANSACTION
control field 20210311115931.0
008 - FIXED-LENGTH DATA ELEMENTS--GENERAL INFORMATION
fixed length control field 210311s2019 ii |||| |||| 001 0 eng d
020 ## - INTERNATIONAL STANDARD BOOK NUMBER
International Standard Book Number 9789352450700
020 ## - INTERNATIONAL STANDARD BOOK NUMBER
International Standard Book Number 9789352450717
035 ## - SYSTEM CONTROL NUMBER
system control number (BD-JhCC)12073
040 ## - CATALOGING SOURCE
Original cataloging agency BD-JhCC
Modifying agency BD-JhCC
041 ## - LANGUAGE CODE
Language code of Book eng
082 ## - DEWEY DECIMAL CLASSIFICATION NUMBER
Classification number 330.9
Author mark and Year BAN 2019
100 ## - MAIN ENTRY--PERSONAL NAME
Personal name Banerjee, Abhijit V.
245 ## - TITLE STATEMENT
Title Good economics for hard times /
Statement of responsibility, etc Abhijit V. Banerjee and Esther Duflo
260 ## - PUBLICATION, DISTRIBUTION, ETC. (IMPRINT)
Place of publication, distribution, etc New Delhi :
Name of publisher, distributor, etc Juggernaut,
Date of publication, distribution, etc 2019.
300 ## - PHYSICAL DESCRIPTION
Pagination ix, 403 p. :
Dimensions 22 cm.
650 ## - SUBJECT ADDED ENTRY--TOPICAL TERM
Topical term or geographic name as entry element Economic history
650 ## - SUBJECT ADDED ENTRY--TOPICAL TERM
Topical term or geographic name as entry element Globalization
700 ## - ADDED ENTRY--PERSONAL NAME
Personal name Duflo, Esther
942 ## - ADDED ENTRY ELEMENTS (KOHA)
Source of classification or shelving scheme Dewey Decimal Classification
Koha item type Books
Holdings
Source of classification or shelving scheme Damaged status Not for loan Home library Current library Shelving location Date of accession Cost, normal purchase price Total Checkouts Full call number Barcode Date last seen Copy number Koha item type Date checked out Method of acquisition Currency
Dewey Decimal Classification     JCC Rouf Library JCC Rouf Library General Stacks 03/11/2021 1188.00   330.9 BAN 2019 16502 03/11/2021 C-1 Books      
Dewey Decimal Classification     JCC Rouf Library JCC Rouf Library General Stacks 10/24/2023 1258.00 3 330.9 BAN 2019 18521 11/25/2024 C-2 Books 09/30/2024 Purchase BDT

JCC Library | Contacts | JCC Home

Last Update on 23 September 2017
Copyright @ 2017-2020 JCC Rouf Library
Rouf Library, Jhenidah Cadet College (JCC), Bangladesh